000
00180 a2200097 4500
001
7659
100
_a
Tufail, M
245
_a
Naqush
260
_a
_b
Faroqu
_c
090
_c
6127
_d
6127
942
_a
NUST-CAE
_c
_c
32631
999
_c
242732
_d
242732